000 00676nam a2200265Ia 4500
005 20260121165043.0
008 008 260114s9999 xx 000 0 eng d
020 _a9781137545237
037 _aEBOOK
040 _aCRL
040 _beng
040 _cCRL
041 _2eng
041 _aeng
084 _qCRL
100 _aMiriam Seemann
_91046946
245 0 _aWater Security, Justice and the Politics of Water Rights in Peru and Bolivia
260 _bSpringer
260 _bSpringer
260 _c2016
856 _uhttps://link.springer.com/openurl?genre=book&isbn=978-1-137-54523-7
942 _cEBOOK
999 _c1612671
_d1612671